1516 1267 1895 1320 1922 1688 1651 1383 1933 1723 1556 1860 1498 1306 1559 1241 1432 1078 1069 1709 1229 1265 1513 1999 1264 1220 1634 1968 1755 1645 1068 1390 1396 1827 1868 1457 1933 1978 1370 1891 1697 1454 1190 1461 1694 1260 1992 1263 1118 1854 1627 1084 1032 1004 1036 1035 1005 1062 1911 1141 1629 1367 1051 1008 1721 1156 1172 1907 1302 1607 1807 1072 1132 1008 1659 1648 1551 1909 1646 1772 1780 1715 1169 1157 1533 1811 1407 1151 1017 1583 1310 1964 1245 1463 1790 1257 1162 1523 1593 BCNSPRNW ULIB Ver.6.0+V

เปลี่ยนเป็นภาษาไทย

Change to English
 แสดงรายละเอียดบรรณานุกรม
  กลับหน้าหลัก

Brief Record : Get Marc (ISO 2709) : E-mail record : QR code < ปิดหน้าต่าง
LEADER : 00000nam 2200000uu 4500
001    13399108681
003     ULIB
008    110311s2545||||th 000 0 tha d
060  4 QZ140^bภ649ซ ล.1 2545
100 0  สมเกียรติ วัฒนศิริชัยกุล
245 00 ภาวะช๊อก CME100 Credits 1/^cสมเกียรติ วัฒนศิริชัยกุล,บรรณาธิการ
260    กรุงเทพฯ:^bมหาวิทยาลัยศรีนครินทรวิโรฒประสานมิตร,^c2545
300    43 หน้า
650  7 ภาวะช๊อก
650  7 แบบทดสอบ
945    ^p0^l0^i016787
945    ^p0^l0^i016788
945    ^p0^l0^i016786
945    ^p0^l0^i016838
945    ^p0^l0^i016839
995    ทศพร
999 ^a ใช้งานได้ทุกระบบ
รายการนี้ยังไม่มีแท็ก
คุณยังไม่ได้ล็อกอิน คุณสามารถมีกิจกรรมร่วมกับเว็บไซต์ได้ แต่ต้องล็อกอินก่อน ::
  ล็อกอิน

รายการสื่อสารสนเทศ

ลำดับที่ ประเภท เลขเรียก/บาร์โค้ด สถานที่ สถานะ
1. วิทยาศาสตร์การแพทย์ และสุขภาพ
วิทยาศาสตร์การแพทย์ และสุขภาพ
สถานะ=หนังสือเก่า
QZ140 ภ649ซ ล.1 2545 ฉ.2 
  Barcode: 016787
ห้องสมุดวิทยาเขตนครสวรรค์
►ส่วนจัดเก็บหนังสือเก่า นว.
บนชั้น
  ขอยืม
2. วิทยาศาสตร์การแพทย์ และสุขภาพ
วิทยาศาสตร์การแพทย์ และสุขภาพ
QZ140 ภ649ซ ล.1 2545 ฉ.4 
  Barcode: 016838
ห้องสมุดวิทยาเขตสวรรค์ประชารักษ์
►หนังสือทั่วไป
บนชั้น
3. วิทยาศาสตร์การแพทย์ และสุขภาพ
วิทยาศาสตร์การแพทย์ และสุขภาพ
QZ140 ภ649ซ ล.1 2545 ฉ.5 
  Barcode: 016839
ห้องสมุดวิทยาเขตสวรรค์ประชารักษ์
►หนังสือทั่วไป
บนชั้น

รายการใกล้เคียง
    ผู้แต่ง [สมเกียรติ วัฒนศิริชัยกุล]

    หัวเรื่อง [ภาวะช๊อก]
    หัวเรื่อง [แบบทดสอบ]

BibComment


ยังไม่เคยถูกคอมเมนท์

คอมเมนท์ทรัพยากรรายการนี้
  คอมเมนท์: ภาวะช๊อก CME100 C..


 Copyright 2026. Bcnsprnw @Library